000 00765nam a2200229 i 4500
001 26528
003 ES-MaACL
005 20260324151844.0
007 t|
008 030109s1920 gt ||||1| spa d
080 _a821.134.2(728.1)-32"19"
100 1 _aArévalo Martínez, Rafael.
_922664
245 1 3 _aEl hombre que parecía un caballo ;
_by El ángel /
_cRafael Arévalo Martínez.
260 _aGuatemala :
_bAyestas,
_c1920 (
_fImp. Electra)
300 _a99 p.
530 _aDisponible en formato digital.
740 3 2 _aEl ángel.
852 4 _aES-MaACL
_j1647-F-3
_cDEPOF
_zRevisado enlace: 02 de Abril de 2025
_927527
856 4 _uhttps://archive.org/details/elhombrequeparec00arva
_y En linea
942 _2udc
999 _c26528
_d26528